Some Indian Birds (Record no. 197365)

MARC details
000 -LEADER
fixed length control field 00361nam a22001457a 4500
008 - FIXED-LENGTH DATA ELEMENTS--GENERAL INFORMATION
fixed length control field 230822b ||||| |||| 00| 0 eng d
082 ## - DEWEY DECIMAL CLASSIFICATION NUMBER
Classification number S-MAJ
100 ## - MAIN ENTRY--PERSONAL NAME
Personal name Majumdar, N.N.
245 ## - TITLE STATEMENT
Title Some Indian Birds
Medium English
260 ## - PUBLICATION, DISTRIBUTION, ETC. (IMPRINT)
Place of publication, distribution, etc Delhi
Name of publisher, distributor, etc A.I.C.B.
Date of publication, distribution, etc Rohini
270 ## - ADDRESS
Address A.I.C.B. Rohini, Delhi
300 ## - PHYSICAL DESCRIPTION
Extent 12x13
490 ## - SERIES STATEMENT
Volume number/sequential designation 1
942 ## - ADDED ENTRY ELEMENTS (KOHA)
Source of classification or shelving scheme Dewey Decimal Classification
Item type Braille-Books-English
Call number prefix S
Call number suffix MAJ
Holdings
Withdrawn status Lost status Not for loan Home library Current library Date acquired Cost, normal purchase price Full call number Barcode Koha item type
      Braille-Library Braille-Library 22/08/2023 84.00 S-MAJ BR-004323 Braille-Books-English
      Braille-Library Braille-Library 22/08/2023 84.00 S-MAJ BR-004324 Braille-Books-English
      Braille-Library Braille-Library 22/08/2023 84.00 S-MAJ BR-004325 Braille-Books-English

© Delhi Public Library
Hit Counter
free hit counter